[Event "George Trundle NZ Masters 2017"]
[Site "Auckland, NZL"]
[Date "2017.10.03"]
[Round "4.1"]
[White "Hague, Ben"]
[Black "Van Riemsdijk, Herman C."]
[Result "1-0"]
[BlackElo "2306"]
[WhiteElo "2365"]
[LiveChessVersion "1.4.8"]

1. e4 {[%clk 1:30:56]} e5 {[%clk 1:30:46]} 2. Nf3 {[%clk 1:31:22]} Nc6
{[%clk 1:31:11]} 3. d4 {[%clk 1:31:27]} exd4 {[%clk 1:31:34]} 4. Nxd4
{[%clk 1:31:53]} Bc5 {[%clk 1:31:38]} 5. Nb3 {[%clk 1:31:56]} Bb4+
{[%clk 1:31:46]} 6. Nc3 {[%clk 1:29:53]} Nf6 {[%clk 1:31:49]} 7. Bd3
{[%clk 1:21:46]} d5 {[%clk 1:30:02]} 8. exd5 {[%clk 1:20:32]} Nxd5
{[%clk 1:29:07]} 9. O-O {[%clk 1:19:35]} Nxc3 {[%clk 1:28:39]} 10. bxc3
{[%clk 1:14:54]} Bxc3 {[%clk 1:27:35]} 11. Ba3 {[%clk 1:14:54]} Bb4
{[%clk 0:50:33]} 12. Bxb4 {[%clk 1:03:47]} Nxb4 {[%clk 0:50:57]} 13. Re1+
{[%clk 1:04:09]} Kf8 {[%clk 0:47:12]} 14. Re3 {[%clk 1:02:41]} Be6
{[%clk 0:27:25]} 15. Nc5 {[%clk 0:58:01]} Qd5 {[%clk 0:24:42]} 16. Nxe6+
{[%clk 0:55:42]} fxe6 {[%clk 0:24:58]} 17. Qg4 {[%clk 0:54:15]} Nxd3
{[%clk 0:22:31]} 18. Rxd3 {[%clk 0:54:27]} Qe5 {[%clk 0:22:40]} 19. Rad1
{[%clk 0:54:23]} h5 {[%clk 0:21:15]} 20. Qf3+ {[%clk 0:47:33]} Kg8
{[%clk 0:21:02]} 21. Qxb7 {[%clk 0:46:17]} Kh7 {[%clk 0:21:16]} 22. Re3
{[%clk 0:46:03]} Rhd8 {[%clk 0:19:19]} 23. Rde1 {[%clk 0:46:08]} Qd5
{[%clk 0:18:39]} 24. Qa6 {[%clk 0:44:59]} Rd6 {[%clk 0:16:11]} 25. Qe2
{[%clk 0:45:10]} g6 {[%clk 0:16:21]} 26. c4 {[%clk 0:35:39]} Qd2 {[%clk 0:15:37]}
27. Qf3 {[%clk 0:34:30]} Rg8 {[%clk 0:16:00]} 28. c5 {[%clk 0:31:43]} Ra6
{[%clk 0:14:56]} 29. a3 {[%clk 0:30:44]} Qd5 {[%clk 0:12:25]} 30. Qe2
{[%clk 0:30:46]} Rc6 {[%clk 0:11:19]} 31. Re5 {[%clk 0:30:53]} Qd4
{[%clk 0:11:23]} 32. Rd1 {[%clk 0:28:44]} Qc3 {[%clk 0:09:50]} 33. Rxh5+
{[%clk 0:27:33]} Kg7 {[%clk 0:09:10]} 34. Rh3 {[%clk 0:20:39]} Qxc5
{[%clk 0:09:13]} 35. Qd2 {[%clk 0:20:46]} Qe7 {[%clk 0:07:05]} 36. Qh6+
{[%clk 0:21:00]} Kf7 {[%clk 0:06:56]} 37. Qh7+ {[%clk 0:20:54]} 1-0

[Event "George Trundle NZ Masters 2017"]
[Site "Auckland, NZL"]
[Date "2017.10.03"]
[Round "4.2"]
[White "Ang, Alphaeus Wei Ern"]
[Black "Reilly, Tim"]
[Result "1/2-1/2"]
[BlackElo "2153"]
[WhiteElo "2228"]
[LiveChessVersion "1.4.8"]

1. d4 {[%clk 1:30:58]} d6 {[%clk 1:30:49]} 2. Nf3 {[%clk 1:31:18]} g6
{[%clk 1:31:09]} 3. c4 {[%clk 1:31:42]} f5 {[%clk 1:31:32]} 4. Nc3
{[%clk 1:31:54]} Nf6 {[%clk 1:31:56]} 5. g3 {[%clk 1:31:47]} Bg7 {[%clk 1:32:20]}
6. Bg2 {[%clk 1:31:34]} O-O {[%clk 1:32:42]} 7. O-O {[%clk 1:31:56]} c6
{[%clk 1:33:02]} 8. Qb3 {[%clk 1:27:57]} Na6 {[%clk 1:25:44]} 9. c5+
{[%clk 1:24:23]} d5 {[%clk 1:21:59]} 10. Ne5 {[%clk 1:20:00]} Ne4
{[%clk 1:18:29]} 11. Bxe4 {[%clk 1:09:26]} fxe4 {[%clk 1:15:49]} 12. Nxe4
{[%clk 1:08:03]} e6 {[%clk 0:51:05]} 13. Bg5 {[%clk 0:52:20]} Qc7
{[%clk 0:48:04]} 14. Nd6 {[%clk 0:50:42]} Nxc5 {[%clk 0:48:01]} 15. dxc5
{[%clk 0:50:33]} Bxe5 {[%clk 0:48:24]} 16. Bh6 {[%clk 0:48:13]} Bg7
{[%clk 0:43:17]} 17. Bxg7 {[%clk 0:46:13]} Qxg7 {[%clk 0:43:36]} 18. Rac1
{[%clk 0:39:15]} e5 {[%clk 0:42:05]} 19. e4 {[%clk 0:34:34]} Be6 {[%clk 0:35:58]}
20. f3 {[%clk 0:21:15]} Rab8 {[%clk 0:31:42]} 21. Qe3 {[%clk 0:18:58]} d4
{[%clk 0:25:16]} 22. Qd2 {[%clk 0:18:47]} Bh3 {[%clk 0:20:01]} 23. Rf2
{[%clk 0:18:50]} b6 {[%clk 0:19:15]} 24. b4 {[%clk 0:17:50]} b5 {[%clk 0:13:53]}
25. Rd1 {[%clk 0:15:01]} Rf6 {[%clk 0:12:52]} 26. Qg5 {[%clk 0:14:37]} Rbf8
{[%clk 0:12:30]} 27. Qxe5 {[%clk 0:13:08]} Rxf3 {[%clk 0:12:07]} 28. Qxg7+
{[%clk 0:12:57]} Kxg7 {[%clk 0:12:30]} 29. Nf5+ {[%clk 0:12:50]} gxf5
{[%clk 0:11:22]} 30. Rxf3 {[%clk 0:13:15]} Bg4 {[%clk 0:11:43]} 31. Rff1
{[%clk 0:12:41]} Bxd1 {[%clk 0:10:34]} 32. Rxd1 {[%clk 0:13:05]} fxe4
{[%clk 0:07:55]} 33. Rxd4 {[%clk 0:13:30]} e3 {[%clk 0:04:11]} 34. Re4
{[%clk 0:12:58]} Rf2 {[%clk 0:04:30]} 35. a3 {[%clk 0:08:38]} Re2
{[%clk 0:03:08]} 36. Kf1 {[%clk 0:05:50]} Rxh2 {[%clk 0:03:03]} 37. Rxe3
{[%clk 0:06:15]} Kf6 {[%clk 0:03:22]} 38. Rd3 {[%clk 0:04:20]} Ke5
{[%clk 0:02:03]} 39. Rd7 {[%clk 0:01:15]} a6 {[%clk 0:01:32]} 40. Ra7
{[%clk 0:31:12]} Ke4 {[%clk 0:31:14]} 41. Rxa6 {[%clk 0:29:46]} Kf3
{[%clk 0:28:35]} 42. Ke1 {[%clk 0:29:42]} Ke3 {[%clk 0:28:27]} 43. Kf1
{[%clk 0:29:49]} Kf3 {[%clk 0:28:38]} 44. Ke1 {[%clk 0:30:13]} 1/2-1/2

[Event "George Trundle NZ Masters 2017"]
[Site "Auckland, NZL"]
[Date "2017.10.03"]
[Round "4.3"]
[White "Gong, Daniel Hanwen"]
[Black "Smith, Robert W"]
[Result "1/2-1/2"]
[BlackElo "2230"]
[WhiteElo "2252"]
[LiveChessVersion "1.4.8"]

1. e4 {[%clk 1:30:58]} c5 {[%clk 1:30:54]} 2. Nf3 {[%clk 1:31:24]} d6
{[%clk 1:30:59]} 3. Nc3 {[%clk 1:31:39]} Nf6 {[%clk 1:30:41]} 4. e5
{[%clk 1:31:51]} dxe5 {[%clk 1:29:47]} 5. Nxe5 {[%clk 1:32:16]} Nbd7
{[%clk 1:25:43]} 6. d4 {[%clk 1:32:00]} Nxe5 {[%clk 1:18:26]} 7. dxe5
{[%clk 1:32:13]} Qxd1+ {[%clk 1:19:22]} 8. Kxd1 {[%clk 1:32:29]} Ng4
{[%clk 1:18:59]} 9. Bb5+ {[%clk 1:31:55]} Bd7 {[%clk 1:18:31]} 10. e6
{[%clk 1:32:08]} Bxb5 {[%clk 1:10:09]} 11. Nxb5 {[%clk 1:32:32]} O-O-O+
{[%clk 1:10:35]} 12. Ke2 {[%clk 1:32:48]} a6 {[%clk 1:10:52]} 13. Nc3
{[%clk 1:32:12]} fxe6 {[%clk 1:03:33]} 14. Na4 {[%clk 1:30:42]} Rd5
{[%clk 0:54:01]} 15. Nb6+ {[%clk 1:29:05]} Kc7 {[%clk 0:54:30]} 16. Nxd5+
{[%clk 1:29:28]} exd5 {[%clk 0:54:56]} 17. Bf4+ {[%clk 1:26:24]} Kc6
{[%clk 0:54:53]} 18. Kf3 {[%clk 1:26:17]} Nf6 {[%clk 0:53:19]} 19. Rhe1
{[%clk 1:24:16]} Ne4 {[%clk 0:51:46]} 20. Rxe4 {[%clk 1:13:18]} dxe4+
{[%clk 0:52:08]} 21. Kxe4 {[%clk 1:13:46]} e6 {[%clk 0:50:34]} 22. Rd1
{[%clk 1:12:03]} Be7 {[%clk 0:50:32]} 23. c4 {[%clk 1:08:51]} Rd8
{[%clk 0:48:48]} 24. Rxd8 {[%clk 1:08:24]} Bxd8 {[%clk 0:49:17]} 25. Be5
{[%clk 1:08:46]} g6 {[%clk 0:48:05]} 26. g4 {[%clk 1:07:41]} Be7 {[%clk 0:45:07]}
27. f4 {[%clk 1:07:00]} Bd8 {[%clk 0:27:41]} 28. b3 {[%clk 1:06:29]} Ba5
{[%clk 0:22:41]} 29. f5 {[%clk 1:02:32]} gxf5+ {[%clk 0:22:48]} 30. gxf5
{[%clk 1:02:56]} Kd7 {[%clk 0:22:51]} 31. Bf6 {[%clk 0:58:44]} Bc7
{[%clk 0:22:03]} 32. h3 {[%clk 0:58:48]} Bd6 {[%clk 0:10:27]} 33. Be5
{[%clk 0:57:00]} Bf8 {[%clk 0:10:44]} 34. Bf6 {[%clk 0:54:19]} Bd6
{[%clk 0:10:55]} 35. Bg5 {[%clk 0:53:06]} Bf8 {[%clk 0:07:44]} 36. Bh4
{[%clk 0:50:50]} Bd6 {[%clk 0:07:31]} 37. Bf6 {[%clk 0:51:13]} Bf8
{[%clk 0:06:47]} 38. h4 {[%clk 0:51:31]} Bd6 {[%clk 0:05:11]} 39. Bg5
{[%clk 0:51:53]} h5 {[%clk 0:03:26]} 40. f6 {[%clk 1:10:53]} Bf8 {[%clk 0:31:47]}
41. Bf4 {[%clk 1:08:26]} Ke8 {[%clk 0:30:37]} 42. Ke5 {[%clk 1:08:48]} Kd7
{[%clk 0:31:04]} 43. Be3 {[%clk 1:04:21]} Bd6+ {[%clk 0:31:05]} 44. Ke4
{[%clk 1:04:45]} Ke8 {[%clk 0:29:20]} 45. Bf4 {[%clk 1:05:03]} Bf8
{[%clk 0:29:40]} 46. Ke5 {[%clk 0:51:53]} Kd7 {[%clk 0:30:02]} 47. Bg5
{[%clk 0:50:02]} Bd6+ {[%clk 0:30:22]} 48. Ke4 {[%clk 0:50:28]} Ke8
{[%clk 0:30:29]} 49. Bf4 {[%clk 0:47:39]} Bf8 {[%clk 0:30:43]} 50. Bg5
{[%clk 0:47:54]} Bd6 {[%clk 0:31:01]} 1/2-1/2

[Event "George Trundle NZ Masters 2017"]
[Site "Auckland, NZL"]
[Date "2017.10.03"]
[Round "4.4"]
[White "Johansen, Darryl K"]
[Black "Lukey, Stephen G"]
[Result "1-0"]
[BlackElo "2188"]
[WhiteElo "2380"]
[LiveChessVersion "1.4.8"]

1. d4 {[%clk 1:30:46]} Nf6 {[%clk 1:30:56]} 2. Nf3 {[%clk 1:30:34]} g6
{[%clk 1:30:46]} 3. c4 {[%clk 1:30:53]} Bg7 {[%clk 1:31:11]} 4. Nc3
{[%clk 1:31:18]} O-O {[%clk 1:31:17]} 5. e4 {[%clk 1:30:46]} d6 {[%clk 1:31:43]}
6. Be2 {[%clk 1:31:02]} e5 {[%clk 1:31:18]} 7. d5 {[%clk 1:29:39]} Na6
{[%clk 1:31:17]} 8. O-O {[%clk 1:27:07]} Nc5 {[%clk 1:31:43]} 9. Qc2
{[%clk 1:27:30]} a5 {[%clk 1:31:50]} 10. Bg5 {[%clk 1:27:51]} h6 {[%clk 1:31:46]}
11. Be3 {[%clk 1:28:15]} Nh5 {[%clk 1:29:51]} 12. Qd2 {[%clk 1:06:08]} Nxe4
{[%clk 1:11:18]} 13. Nxe4 {[%clk 1:06:31]} f5 {[%clk 1:11:46]} 14. Nxd6
{[%clk 1:03:49]} cxd6 {[%clk 0:55:27]} 15. Bxh6 {[%clk 1:04:12]} Nf4
{[%clk 0:37:44]} 16. Bxf4 {[%clk 0:51:53]} exf4 {[%clk 0:38:10]} 17. Qxf4
{[%clk 0:52:06]} Bxb2 {[%clk 0:38:02]} 18. Rab1 {[%clk 0:52:30]} Qf6
{[%clk 0:31:44]} 19. Qh6 {[%clk 0:43:50]} Rf7 {[%clk 0:26:12]} 20. Rxb2
{[%clk 0:39:51]} Qxb2 {[%clk 0:26:33]} 21. Qxg6+ {[%clk 0:40:14]} Qg7
{[%clk 0:22:18]} 22. Qxd6 {[%clk 0:37:58]} Ra6 {[%clk 0:22:42]} 23. Qf4
{[%clk 0:36:30]} Rg6 {[%clk 0:19:37]} 24. Nh4 {[%clk 0:31:17]} Rg5
{[%clk 0:14:29]} 25. g3 {[%clk 0:27:55]} Qf6 {[%clk 0:14:04]} 26. Bf3
{[%clk 0:26:59]} Bd7 {[%clk 0:12:08]} 27. Re1 {[%clk 0:25:21]} Rgg7
{[%clk 0:11:10]} 28. Ng2 {[%clk 0:18:33]} Qb2 {[%clk 0:08:17]} 29. d6
{[%clk 0:12:33]} Rf6 {[%clk 0:06:59]} 30. Ne3 {[%clk 0:07:26]} Kh7
{[%clk 0:03:43]} 31. Nd5 {[%clk 0:05:29]} Rh6 {[%clk 0:03:58]} 32. Re7
{[%clk 0:04:47]} Rxe7 {[%clk 0:02:53]} 33. dxe7 {[%clk 0:05:06]} Qxa2
{[%clk 0:01:56]} 34. Qe5 {[%clk 0:04:42]} a4 {[%clk 0:00:42]} 35. e8=Q
{[%clk 0:03:31]} Bxe8 {[%clk 0:01:04]} 36. Qe7+ {[%clk 0:03:51]} Kg8
{[%clk 0:00:52]} 37. Qxe8+ {[%clk 0:04:12]} Kg7 {[%clk 0:01:20]} 38. Qe7+
{[%clk 0:04:15]} 1-0

[Event "George Trundle NZ Masters 2017"]
[Site "Auckland, NZL"]
[Date "2017.10.03"]
[Round "4.5"]
[White "Chan, Peng Kong"]
[Black "Croad, Nicholas"]
[Result "1-0"]
[BlackElo "2247"]
[WhiteElo "2170"]
[LiveChessVersion "1.4.8"]

1. d4 {[%clk 1:30:56]} Nf6 {[%clk 1:30:56]} 2. c4 {[%clk 1:31:19]} e6
{[%clk 1:31:21]} 3. Nf3 {[%clk 1:31:20]} b6 {[%clk 1:31:46]} 4. Nc3
{[%clk 1:31:12]} Bb4 {[%clk 1:31:21]} 5. e3 {[%clk 1:31:29]} c5 {[%clk 1:29:09]}
6. Bd3 {[%clk 1:28:59]} Nc6 {[%clk 1:23:30]} 7. O-O {[%clk 1:25:46]} Bxc3
{[%clk 1:22:35]} 8. bxc3 {[%clk 1:26:12]} d6 {[%clk 1:20:22]} 9. d5
{[%clk 1:13:14]} Na5 {[%clk 1:20:05]} 10. dxe6 {[%clk 1:13:08]} Bxe6
{[%clk 1:17:50]} 11. Ng5 {[%clk 1:13:18]} Bg4 {[%clk 1:07:56]} 12. Qc2
{[%clk 1:11:37]} h6 {[%clk 1:07:00]} 13. Ne4 {[%clk 1:08:51]} O-O
{[%clk 1:06:00]} 14. f3 {[%clk 0:41:42]} Be6 {[%clk 1:05:39]} 15. Nd2
{[%clk 0:39:36]} Qe7 {[%clk 1:02:38]} 16. e4 {[%clk 0:37:27]} Rad8
{[%clk 0:59:12]} 17. Bb2 {[%clk 0:36:46]} Rfe8 {[%clk 0:52:38]} 18. Rae1
{[%clk 0:36:56]} Nd7 {[%clk 0:52:14]} 19. f4 {[%clk 0:36:39]} Nf6
{[%clk 0:51:55]} 20. Bc1 {[%clk 0:32:25]} Bc8 {[%clk 0:51:08]} 21. Nb3
{[%clk 0:32:09]} Nc6 {[%clk 0:48:30]} 22. Qf2 {[%clk 0:32:03]} Ba6
{[%clk 0:43:28]} 23. Qg3 {[%clk 0:30:08]} Kh8 {[%clk 0:42:06]} 24. Qf3
{[%clk 0:21:54]} Qd7 {[%clk 0:40:37]} 25. h3 {[%clk 0:20:01]} h5 {[%clk 0:33:21]}
26. Re3 {[%clk 0:19:59]} Bb7 {[%clk 0:32:11]} 27. Rfe1 {[%clk 0:20:21]} Ne7
{[%clk 0:27:07]} 28. Qg3 {[%clk 0:19:26]} Ng6 {[%clk 0:23:06]} 29. Nd2
{[%clk 0:17:14]} h4 {[%clk 0:18:03]} 30. Qf3 {[%clk 0:17:03]} Re7
{[%clk 0:18:05]} 31. Qf2 {[%clk 0:15:40]} Rde8 {[%clk 0:17:23]} 32. f5
{[%clk 0:14:31]} Ne5 {[%clk 0:13:45]} 33. Qxh4+ {[%clk 0:14:55]} Nh7
{[%clk 0:14:12]} 34. Be2 {[%clk 0:14:38]} g5 {[%clk 0:13:09]} 35. fxg6
{[%clk 0:11:41]} Nxg6 {[%clk 0:13:24]} 36. Qh6 {[%clk 0:11:37]} Bxe4
{[%clk 0:12:34]} 37. Nxe4 {[%clk 0:11:48]} Rxe4 {[%clk 0:13:00]} 38. Bd3
{[%clk 0:12:06]} Rxe3 {[%clk 0:12:31]} 39. Rxe3 {[%clk 0:12:33]} Rxe3
{[%clk 0:11:16]} 40. Bxe3 {[%clk 0:43:02]} Qe6 {[%clk 0:40:30]} 41. h4
{[%clk 0:31:09]} Ngf8 {[%clk 0:35:29]} 42. Kf2 {[%clk 0:22:54]} Kg8
{[%clk 0:26:42]} 43. Qxe6 {[%clk 0:18:34]} Nxe6 {[%clk 0:26:48]} 44. g4
{[%clk 0:18:39]} Nf6 {[%clk 0:18:53]} 45. Kf3 {[%clk 0:18:51]} Nd7
{[%clk 0:14:26]} 46. Ke4 {[%clk 0:18:46]} Kf8 {[%clk 0:13:47]} 47. g5
{[%clk 0:18:11]} f6 {[%clk 0:11:32]} 48. Kd5 {[%clk 0:14:23]} Ke7
{[%clk 0:05:22]} 49. Bf5 {[%clk 0:12:13]} Ng7 {[%clk 0:05:47]} 50. Bxd7
{[%clk 0:10:46]} Kxd7 {[%clk 0:06:13]} 51. gxf6 {[%clk 0:11:05]} Ne8
{[%clk 0:06:36]} 52. Bg5 {[%clk 0:11:05]} Nc7+ {[%clk 0:06:55]} 53. Ke4
{[%clk 0:11:18]} Ke6 {[%clk 0:07:21]} 54. h5 {[%clk 0:05:56]} Kf7
{[%clk 0:06:08]} 55. Kf5 {[%clk 0:05:40]} Ne6 {[%clk 0:04:37]} 56. Be3
{[%clk 0:05:54]} Nf8 {[%clk 0:04:39]} 57. Bf4 {[%clk 0:05:03]} Nh7
{[%clk 0:04:59]} 58. Bxd6 {[%clk 0:05:21]} Nxf6 {[%clk 0:05:28]} 59. h6
{[%clk 0:05:41]} Nd7 {[%clk 0:03:13]} 60. a4 {[%clk 0:05:20]} Nf6
{[%clk 0:03:27]} 61. Be5 {[%clk 0:05:11]} Nh7 {[%clk 0:03:47]} 62. Bg7
{[%clk 0:04:43]} a6 {[%clk 0:03:44]} 63. Ke5 {[%clk 0:03:49]} Ke7
{[%clk 0:02:40]} 64. Kf5 {[%clk 0:03:39]} Kf7 {[%clk 0:03:07]} 65. Be5
{[%clk 0:03:55]} Nf8 {[%clk 0:03:12]} 66. Bc7 {[%clk 0:04:02]} Nd7
{[%clk 0:03:18]} 67. h7 {[%clk 0:04:23]} Kg7 {[%clk 0:03:35]} 68. Ke6
{[%clk 0:04:52]} Nf8+ {[%clk 0:02:32]} 69. Kd6 {[%clk 0:05:15]} Nxh7
{[%clk 0:02:44]} 70. Bxb6 {[%clk 0:05:30]} Nf6 {[%clk 0:03:05]} 71. Bxc5
{[%clk 0:05:44]} Ne4+ {[%clk 0:03:30]} 72. Kc6 {[%clk 0:06:07]} Kf7
{[%clk 0:03:49]} 73. Bd4 {[%clk 0:06:11]} Ke6 {[%clk 0:03:56]} 74. Kb6
{[%clk 0:06:03]} Nd2 {[%clk 0:03:12]} 75. c5 {[%clk 0:06:09]} Nc4+
{[%clk 0:03:26]} 76. Kxa6 {[%clk 0:06:08]} Kd5 {[%clk 0:03:46]} 77. Kb5
{[%clk 0:06:20]} Na3+ {[%clk 0:03:54]} 78. Kb4 {[%clk 0:06:08]} Nc2+
{[%clk 0:04:19]} 79. Kb3 {[%clk 0:06:15]} Ne1 {[%clk 0:04:44]} 80. a5
{[%clk 0:06:39]} Kc6 {[%clk 0:04:29]} 81. a6 {[%clk 0:06:32]} Nf3
{[%clk 0:00:55]} 82. a7 {[%clk 0:06:15]} Nxd4+ {[%clk 0:00:44]} 83. cxd4
{[%clk 0:06:39]} Kb5 {[%clk 0:01:11]} 84. Kb2 {[%clk 0:06:26]} 1-0